=LDR 00000nam 2200000 4500 =001 INLIS000000000039500 =005 20130612145127 =008 ***********************************Ind** =035 ##$$a0010-061300000039500 =041 ##$$a Ind =082 ##$$a 634.53 =090 ##$$a 634.53, Sob s =100 ##$$a Sobir =245 ##$$a Sukses Bertanam Pepaya Unggul Kualitas Supermarket, Sobir =260 ##$$a 2009 $b Jakarta =300 ##$$a iv, 161 hlm, Ilus, 22 cm =850 ##$$a NBPNMAT =990 ##$$a 93025/BPAP-NTB/2014 =990 ##$$a 21195021/BPAP-NTB/2014 =990 ##$$a 21195022/BPAP-NTB/2014 =990 ##$$a 21195061/BPAP-NTB/2014 =990 ##$$a 21195710/BPAP-NTB/2014 =990 ##$$a 21400613/BPAP-NTB/20142014